[Event "Tournoi Skype 027B"]
[Site "Skype"]
[Date "????.??.??"]
[Round "7.20"]
[White "Bustos, Ricardo"]
[Black "Vincent, Andre"]
[Result "1/2-1/2"]
[WhiteElo "1216"]
[BlackElo "1328"]
[PlyCount "51"]

1. d4 d5 2. c4 c6 3. cxd5 cxd5 4. Nc3 Nf6 5. Bg5 Nc6 6. Bxf6 exf6 7. Nf3 Be7 8.
e4 Be6 9. exd5 Bxd5 10. Be2 O-O 11. O-O Re8 12. Qc2 Bxf3 13. Bxf3 Nxd4 14. Qd1
Nxf3+ 15. Qxf3 Rb8 16. Nd5 Bd6 17. Rad1 Re6 18. Nf4 Re7 19. Nd5 Re5 20. Qb3 Qe8
21. Ne3 Qe6 22. Qxe6 Rxe6 23. Nf5 Rd8 24. Nd4 Re4 25. Nf5 Re6 26. Nd4 1/2-1/2

[Event "Tournoi Skype 027B"]
[Site "Skype"]
[Date "????.??.??"]
[Round "7.21"]
[White "Clemente Alcahua, Kaparso"]
[Black "Conde, Carmen"]
[Result "0-1"]
[WhiteElo "1308"]
[BlackElo "1214"]
[PlyCount "108"]

1. e4 e5 2. Nf3 d6 3. Bb5+ c6 4. Ba4 Nd7 5. c3 Ngf6 6. d3 h6 7. O-O Be7 8. Bc2
Nh7 9. h3 O-O 10. Nbd2 b5 11. Re1 Bf6 12. Nf1 Qe7 13. Ng3 g6 14. Be3 Bg7 15.
Qd2 Bb7 16. Bxh6 Qf6 17. Bxg7 Kxg7 18. d4 Nb6 19. b3 Rad8 20. a4 a6 21. a5 Nc8
22. d5 c5 23. Nh2 Ng5 24. Ng4 Qf4 25. Qxf4 exf4 26. Ne2 f3 27. Nf4 Rh8 28. Kh2
Ne7 29. Ne3 Bc8 30. Nf5+ gxf5 31. exf5 f6 32. Rxe7+ Kf8 33. Ng6+ Kg8 34. Nxh8
Kxh8 35. Rg1 Kg8 36. g3 Kf8 37. Re3 Bb7 38. h4 Nf7 39. c4 bxc4 40. bxc4 Ne5 41.
Bb3 Ng4+ 42. Kh3 Nxe3 43. Re1 Nxf5 44. g4 Nd4 45. Ba2 Kf7 46. Rb1 Bc8 47. Kg3
Rg8 48. Kf4 Rxg4+ 49. Ke3 Rxh4 50. Rb8 Bf5 51. Ra8 Re4+ 52. Kd2 Re2+ 53. Kc3
Rxa2 54. Rxa6 Rc2# 0-1

[Event "Tournoi Skype 027B"]
[Site "Skype"]
[Date "????.??.??"]
[Round "7.22"]
[White "Franca, Diego"]
[Black "Vervoort, Jean-Louis"]
[Result "1/2-1/2"]
[WhiteElo "1307"]
[BlackElo "1180"]
[PlyCount "37"]

1. d4 d5 2. c4 c6 3. Nc3 Nf6 4. Bf4 Nh5 5. e3 Nxf4 6. exf4 e6 7. c5 b6 8. b4
Be7 9. Nf3 O-O 10. Bd3 Nd7 11. Ne5 Nxe5 12. fxe5 f6 13. Qh5 g6 14. Bxg6 hxg6
15. Qxg6+ Kh8 16. Qh6+ Kg8 17. Qg6+ Kh8 18. Qh6+ Kg8 19. Qg6+ 1/2-1/2

[Event "Tournoi Skype 027B"]
[Site "Skype"]
[Date "????.??.??"]
[Round "7.24"]
[White "Barba Cepeda, Julio Cesar"]
[Black "Hernandez Lopez, Joaquin"]
[Result "0-1"]
[WhiteElo "1000"]
[BlackElo "1300"]
[PlyCount "128"]

1. e4 c5 2. Nf3 Nc6 3. c3 Nf6 4. d3 g6 5. e5 Ng4 6. d4 cxd4 7. cxd4 d6 8. d5
Ncxe5 9. Nc3 a6 10. Bb5+ axb5 11. Nxb5 Qa5+ 12. Nc3 Qb6 13. O-O Nxf3+ 14. Qxf3
Bg7 15. h3 Ne5 16. Qg3 O-O 17. b3 Qa5 18. Rd1 Nd7 19. Bd2 Be5 20. f4 Bd4+ 21.
Kh1 b6 22. Rab1 b5 23. b4 Qb6 24. Qg5 Re8 25. Ne2 Bf6 26. Qh6 Bg7 27. Qg5 Qf2
28. Nc3 Bb7 29. Ne4 Qa7 30. f5 f6 31. Qg4 Ne5 32. Qg3 Qxa2 33. fxg6 hxg6 34.
Bf4 Bxd5 35. Nc3 Bxg2+ 36. Kg1 Nf3+ 37. Qxf3 Bxf3 38. Nxa2 Bxd1 39. Nc3 Bc2 40.
Rc1 Bf5 41. Nxb5 Bxh3 42. Nc7 Rec8 43. b5 Ra2 44. b6 Rb2 45. Kh1 Rxb6 46. Kh2
Bf5 47. Kg3 g5 48. Be3 Rb3 49. Kf3 Bh6 50. Ke2 Bg4+ 51. Kd2 Rb7 52. Nd5 Rxc1
53. Kxc1 Be6 54. Nc3 f5 55. Nd1 f4 56. Bd2 Bg4 57. Nf2 Bh5 58. Bc3 Rc7 59. Kd2
Bg7 60. Bxg7 Kxg7 61. Ne4 Kg6 62. Nf2 g4 63. Nd3 e5 64. Nf2 g3 0-1

[Event "Tournoi Skype 027B"]
[Site "Skype"]
[Date "????.??.??"]
[Round "7.25"]
[White "Schuh, David"]
[Black "Moumtaz, Abderrahim"]
[Result "0-1"]
[WhiteElo "1000"]
[BlackElo "1292"]
[PlyCount "90"]

1. e4 e5 2. Nf3 Nf6 3. Nc3 Nc6 4. Bb5 d6 5. d3 a6 6. Bxc6+ bxc6 7. Be3 Be7 8.
O-O O-O 9. b3 Bg4 10. h3 Bd7 11. a4 c5 12. Re1 Re8 13. Qd2 Be6 14. Bg5 h6 15.
Bxf6 Bxf6 16. Nd5 Bxd5 17. exd5 e4 18. dxe4 Bxa1 19. Rxa1 Rxe4 20. c4 Qe8 21.
Re1 Rxe1+ 22. Nxe1 Qe4 23. Nf3 Re8 24. a5 Qe2 25. Qxe2 Rxe2 26. b4 cxb4 27. Kf1
Re4 28. Nd2 Rd4 29. Ke2 f5 30. f3 Rh4 31. Kd3 Kf7 32. Nb3 Kf6 33. c5 Ke5 34.
cxd6 cxd6 35. Ke3 Kxd5 36. f4 g5 37. g3 Rxh3 38. Kf3 gxf4 39. Kxf4 Rh5 40. g4
Rh4 41. Kxf5 Rh3 42. Nd2 b3 43. Kg6 b2 44. g5 hxg5 45. Kxg5 Rd3 0-1

[Event "Tournoi Skype 027B"]
[Site "Skype"]
[Date "????.??.??"]
[Round "7.26"]
[White "Douichi, Mohammed"]
[Black "Ruiz Aguilera, Juan Jesus"]
[Result "1-0"]
[WhiteElo "1277"]
[BlackElo "1083"]
[PlyCount "135"]

1. c4 e5 2. Nc3 c5 3. e4 Nf6 4. Nf3 d6 5. Be2 Be6 6. O-O Be7 7. b3 O-O 8. Bb2
Nbd7 9. Re1 Qc7 10. d3 h6 11. Qc2 a6 12. Nd5 Nxd5 13. exd5 Bf5 14. Nd2 b5 15.
Rac1 Bg5 16. Rcd1 Bxd2 17. Rxd2 Nf6 18. Bf3 Rfe8 19. cxb5 axb5 20. Ra1 e4 21.
dxe4 Bxe4 22. Bxe4 Nxe4 23. Rdd1 Nf6 24. a4 b4 25. Bxf6 gxf6 26. Qf5 Qe7 27.
Qg4+ Kh7 28. Qf5+ Kh8 29. Qf3 c4 30. bxc4 Rxa4 31. Kf1 Raa8 32. Rxa8 Rxa8 33.
Qb3 Qb7 34. Qf3 Qe7 35. Re1 Ra1 36. Rxa1 Kg7 37. Re1 Qa7 38. Qg3+ Kh7 39. Qxd6
b3 40. Qxf6 Kg8 41. Re8+ Kh7 42. Qh8+ Kg6 43. Rg8+ Kf5 44. Qh7+ Ke5 45. Rg5+
hxg5 46. Qd3 b2 47. Qc3+ Kd6 48. Qxb2 Qc5 49. Qf6+ Kd7 50. Qxf7+ Kd6 51. Qe6+
Kc7 52. Qe5+ Kd7 53. Qf5+ Kd6 54. Qe6+ Kc7 55. Qe4 Kd6 56. h3 Qa5 57. Qe6+ Kc7
58. d6+ Kd8 59. Qe7+ Kc8 60. d7+ Kb8 61. d8=Q+ Qxd8 62. Qxd8+ Kb7 63. Qxg5 Kc6
64. f4 Kd6 65. f5 Kd7 66. f6 Ke8 67. Qg8+ Kd7 68. f7 1-0

[Event "Tournoi Skype 027B"]
[Site "Skype"]
[Date "????.??.??"]
[Round "7.27"]
[White "Torres, Vicky"]
[Black "Hargez, Dany"]
[Result "1-0"]
[WhiteElo "1256"]
[BlackElo "1177"]
[PlyCount "51"]

1. c4 e6 2. Nc3 Bb4 3. Ne4 Nc6 4. Ng3 Nf6 5. e4 O-O 6. Bd3 e5 7. Nf3 d6 8. O-O
Bg4 9. a3 Bc5 10. Be2 Nd4 11. Nxd4 Bxd4 12. d3 Be6 13. Rb1 Bb6 14. Bf3 Qd7 15.
h3 h6 16. Nh5 Nxh5 17. Bxh5 Bxh3 18. gxh3 Qxh3 19. Qg4 Qxd3 20. Bxh6 g6 21.
Bxg6 Kh8 22. Bxf8 Rxf8 23. Qh5+ Kg7 24. Qh7+ Kf6 25. Bf5 Qh3 26. Qxh3 1-0

[Event "Tournoi Skype 027B"]
[Site "Skype"]
[Date "????.??.??"]
[Round "7.28"]
[White "Conde, Ramon"]
[Black "Reese, Evan"]
[Result "1-0"]
[WhiteElo "1000"]
[BlackElo "1235"]
[PlyCount "65"]

1. Nf3 Nc6 2. d4 d5 3. e3 Nf6 4. Bd3 e6 5. O-O Bd6 6. Nbd2 O-O 7. c3 b6 8. Ne5
Bb7 9. Re1 Nxe5 10. dxe5 Bxe5 11. Nf3 Qd6 12. Bc2 Ng4 13. g3 f5 14. h3 Nxf2 15.
Kxf2 Bxg3+ 16. Kg2 Bxe1 17. Qxe1 e5 18. Kg1 d4 19. Ng5 Qc6 20. e4 f4 21. Qh4 h6
22. Bb3+ Kh8 23. Bd2 Qg6 24. Kh2 Rad8 25. Rg1 Bxe4 26. Nf7+ Rxf7 27. Rxg6 Bxg6
28. Qxd8+ Kh7 29. Bxf7 Bxf7 30. Qxc7 Kg6 31. Qxe5 f3 32. h4 Kh7 33. Qf5+ 1-0

[Event "Tournoi Skype 027B"]
[Site "Skype"]
[Date "????.??.??"]
[Round "7.30"]
[White "Yanez, Leticia Jorgelina"]
[Black "Rosenkoetter, David"]
[Result "1-0"]
[WhiteElo "1073"]
[BlackElo "1286"]
[PlyCount "43"]

1. e4 g6 2. d4 Nf6 3. Nc3 d6 4. Nf3 Bg7 5. Bf4 O-O 6. Bd3 Bg4 7. Qd2 Bxf3 8.
gxf3 Nh5 9. Bh6 Nd7 10. O-O-O e5 11. Bg5 Qc8 12. Nd5 Kh8 13. h4 exd4 14. f4 f5
15. Ne7 Qe8 16. exf5 gxf5 17. Nxf5 Qe6 18. Nxd4 Qxa2 19. c3 Nc5 20. Bb1 Qa1 21.
Qc2 Bxd4 22. Qxh7# 1-0

[Event "Tournoi Skype 027B"]
[Site "Skype"]
[Date "????.??.??"]
[Round "7.31"]
[White "Scata, Laura"]
[Black "Rivalta, Paolo"]
[Result "1-0"]
[WhiteElo "1273"]
[BlackElo "1095"]
[PlyCount "39"]

1. d4 d6 2. e4 c5 3. dxc5 Nc6 4. cxd6 Qxd6 5. Qxd6 exd6 6. Bf4 Bd7 7. Nc3 Nf6
8. O-O-O Ne5 9. Nf3 Bc6 10. Nxe5 dxe5 11. Bxe5 Nxe4 12. Nxe4 Bxe4 13. Bb5+ Bc6
14. Bxc6+ bxc6 15. Rhe1 Rg8 16. Bf6+ Be7 17. Bxe7 f5 18. Bc5+ Kf7 19. Re7+ Kg6
20. Rdd7 1-0

[Event "Tournoi Skype 027B"]
[Site "Skype"]
[Date "????.??.??"]
[Round "7.32"]
[White "Malbec, Robert"]
[Black "Abdulrazzaq, Mohsen"]
[Result "0-1"]
[WhiteElo "1233"]
[BlackElo "1000"]
[PlyCount "44"]

1. e4 c5 2. Nf3 Nc6 3. d4 cxd4 4. Nxd4 Nf6 5. Nc3 e5 6. Nf3 Bb4 7. Bd2 d5 8.
exd5 Nxd5 9. Bc4 Be6 10. Bb5 Qd7 11. Nxe5 Qd6 12. Bxc6+ bxc6 13. Nf3 O-O 14.
O-O Rad8 15. Qe2 Bg4 16. Ne4 Qe7 17. c3 Bd6 18. Rfe1 Nf4 19. Bxf4 Bxf4 20. h3
Bxf3 21. Qxf3 Qc7 22. Qxf4 Qxf4 0-1

[Event "Tournoi Skype 027B"]
[Site "Skype"]
[Date "????.??.??"]
[Round "7.33"]
[White "Baker, Abi"]
[Black "Fernandez, Raquel"]
[Result "1/2-1/2"]
[WhiteElo "1181"]
[BlackElo "1000"]
[PlyCount "39"]

1. c4 e6 2. Nc3 Nf6 3. e4 Nc6 4. d4 e5 5. d5 Nd4 6. Be3 Bb4 7. Nge2 Nxe2 8.
Bxe2 Nxe4 9. Qb3 Bxc3+ 10. bxc3 d6 11. O-O O-O 12. Bd3 f5 13. f4 b6 14. Qb5
Nxc3 15. Qc6 Bd7 16. Qb7 exf4 17. Bxf4 Qe7 18. Qxc7 Rfc8 19. Bxd6 Rxc7 20. Bxe7
1/2-1/2

[Event "Tournoi Skype 027B"]
[Site "Skype"]
[Date "????.??.??"]
[Round "7.34"]
[White "Clayton, Estelita"]
[Black "De Fazio, Monica"]
[Result "1-0"]
[WhiteElo "1001"]
[BlackElo "1125"]
[PlyCount "69"]

1. e4 e5 2. Nf3 Nc6 3. d4 d6 4. c3 Nf6 5. h3 Nxe4 6. dxe5 Be7 7. Bd3 Ng5 8.
Nxg5 Bxg5 9. Bxg5 Qxg5 10. O-O Nxe5 11. Bb5+ c6 12. Be2 Bxh3 13. Bf3 Bg4 14.
Re1 Bxf3 15. Qxf3 O-O 16. Qg3 Qxg3 17. fxg3 Rae8 18. Rd1 Nc4 19. Rd4 Nxb2 20.
Nd2 Re3 21. Rb1 Nd3 22. Nf1 Ne1 23. Nxe3 c5 24. Rxd6 Nxg2 25. Kxg2 b6 26. Rbd1
h5 27. Rd8 Rxd8 28. Rxd8+ Kh7 29. Rd7 a5 30. Rxf7 Kg6 31. Rb7 Kf6 32. Rxb6+ Ke5
33. Nc4+ Ke4 34. Nxa5 Kd3 35. c4 1-0

[Event "Tournoi Skype 027B"]
[Site "Skype"]
[Date "????.??.??"]
[Round "7.35"]
[White "Lopez, Marco"]
[Black "Berbedes, Jorgelina"]
[Result "1/2-1/2"]
[WhiteElo "1405"]
[BlackElo "1074"]
[PlyCount "65"]

1. d4 d5 2. c4 c6 3. Nc3 Nf6 4. cxd5 cxd5 5. Nf3 Bg4 6. Ne5 Bf5 7. e3 e6 8.
Bb5+ Nbd7 9. O-O a6 10. Be2 Bd6 11. Nd3 O-O 12. a4 Re8 13. Bd2 Rc8 14. Rc1 Qb6
15. b4 Bxd3 16. Bxd3 Bxb4 17. Rb1 a5 18. Na2 Ne4 19. Bxe4 dxe4 20. Nxb4 axb4
21. Rxb4 Qc7 22. Qb3 Qc2 23. Qxc2 Rxc2 24. Rd1 b6 25. h3 e5 26. Bc1 exd4 27.
Rbxd4 Nf6 28. Rd8 h6 29. Ba3 Rxd8 30. Rxd8+ Kh7 31. Bf8 Rc4 32. Rd6 Rxa4 33.
Rxb6 1/2-1/2

[Event "Tournoi Skype 027B"]
[Site "Skype"]
[Date "????.??.??"]
[Round "7.36"]
[White "Trolese, Caterina"]
[Black "Dos Reis Cabrera, Jose Manuel"]
[Result "0-1"]
[WhiteElo "1040"]
[BlackElo "1222"]
[PlyCount "54"]

1. e4 d6 2. Nf3 Nf6 3. Nc3 e5 4. Bc4 h6 5. O-O Be7 6. h3 O-O 7. d3 Nbd7 8. Be3
b6 9. d4 Bb7 10. d5 c6 11. dxc6 Bxc6 12. Bd3 d5 13. Nxd5 Nxd5 14. exd5 Bxd5 15.
c4 Bb7 16. Bd2 e4 17. Bxe4 Bxe4 18. Qe2 Bxf3 19. Qxf3 Bg5 20. Bxg5 Qxg5 21.
Rfe1 Ne5 22. Qe3 Ng6 23. Qxg5 hxg5 24. Rad1 Rfd8 25. Rd5 Rxd5 26. cxd5 Rd8 27.
Re5 Nxe5 0-1

[Event "Tournoi Skype 027B"]
[Site "Skype"]
[Date "????.??.??"]
[Round "7.37"]
[White "Santamaria Garcia, Jesus"]
[Black "Conde, Abigail"]
[Result "1-0"]
[WhiteElo "1000"]
[BlackElo "1196"]
[PlyCount "97"]

1. d4 d5 2. c4 e6 3. Nc3 a6 4. e3 Nf6 5. Bd3 c5 6. cxd5 exd5 7. b3 Nc6 8. a3
cxd4 9. exd4 Nxd4 10. Be3 Nc6 11. h3 d4 12. Bxd4 Qxd4 13. Nge2 Qe4 14. Nxe4 Nd5
15. Bc4 Nc7 16. O-O Be7 17. Nd6+ Kf8 18. Nxf7 Rg8 19. Nd6 Be6 20. Bxe6 Nxe6 21.
Nxb7 Ne5 22. f4 Nc6 23. Qd7 Ncd8 24. Nxd8 Rxd8 25. Qxe6 Rd6 26. Rad1 Rxe6 27.
Nd4 Re3 28. Rf3 Re4 29. b4 Bf6 30. Rfd3 g6 31. Kf2 Kg7 32. Kf3 Ree8 33. f5 Rgf8
34. Ne6+ Rxe6 35. fxe6 Bh4+ 36. Ke2 Rf2+ 37. Ke3 Rxg2 38. Rd7+ Kf8 39. Rf1+
Bf2+ 40. Rxf2+ Rxf2 41. Kxf2 h5 42. e7+ Ke8 43. Ra7 g5 44. Kf3 h4 45. Kg4 a5
46. bxa5 Kf7 47. Rb7 Ke8 48. a6 Kf7 49. a7 1-0

[Event "Tournoi Skype 027B"]
[Site "Skype"]
[Date "????.??.??"]
[Round "7.38"]
[White "Maccaferri, Massimo"]
[Black "Barrionuevo, Hilario"]
[Result "0-1"]
[WhiteElo "1152"]
[BlackElo "1058"]
[PlyCount "26"]

1. e4 e5 2. Bc4 Nc6 3. g4 Nf6 4. g5 Nxe4 5. Qf3 Nxg5 6. Qg3 Ne4 7. Bxf7+ Kxf7
8. Qf3+ Nf6 9. d3 h6 10. Nc3 Bb4 11. Bd2 d5 12. Nxd5 Bg4 13. Qe4 Nxe4 0-1

[Event "Tournoi Skype 027B"]
[Site "Skype"]
[Date "????.??.??"]
[Round "7.39"]
[White "Hernandez, Enrique"]
[Black "Abate, Luigi"]
[Result "0-1"]
[WhiteElo "1000"]
[BlackElo "1134"]
[PlyCount "58"]

1. e4 Nc6 2. Nf3 Nf6 3. Nc3 e5 4. Bc4 a6 5. d3 Bc5 6. O-O O-O 7. Bg5 d6 8. Nd5
Kh8 9. c3 Bg4 10. d4 exd4 11. cxd4 Bxd4 12. Qe2 Ne5 13. Nxf6 Bxf3 14. gxf3 gxf6
15. f4 fxg5 16. fxe5 Bxe5 17. Qh5 Qe7 18. Kh1 Bxb2 19. Rab1 Qxe4+ 20. f3 Qxc4
21. Qxg5 Rg8 22. Qh4 Qxh4 23. Rxb2 Qc4 24. Rbb1 Qxa2 25. Rg1 Rxg1+ 26. Rxg1 Qd5
27. Rg3 Rg8 28. Kg2 Qd2+ 29. Kh3 Qf2 0-1

[Event "Tournoi Skype 027B"]
[Site "Skype"]
[Date "????.??.??"]
[Round "7.40"]
[White "Homme, Jim"]
[Black "Tolaro, Filippa"]
[Result "0-1"]
[WhiteElo "1130"]
[BlackElo "1000"]
[Annotator "DEVILLE"]
[PlyCount "66"]

1. Nf3 d5 2. d4 Nf6 3. Nbd2 Bf5 4. g3 e6 5. Bg2 Bd6 6. O-O h6 7. b3 Nbd7 8. c4
c6 9. cxd5 cxd5 10. Bb2 Rc8 11. Rc1 Nb6 12. Rxc8 Nxc8 13. Re1 O-O 14. Qc1 Bb4
15. a3 Ba5 16. b4 Bb6 17. Ne5 a6 18. a4 Na7 19. a5 Bc7 20. Nd3 b6 21. axb6 Bxb6
22. Ba3 Bxd4 23. b5 Re8 24. bxa6 Qb6 25. Bc5 Bxc5 26. Nxc5 Ne4 27. Ndxe4 dxe4
28. Rd1 Rc8 29. Qb1 Qxb1 30. Rxb1 Rxc5 31. Rb8+ Kh7 32. Rb7 Rc1+ 33. Bf1 Bh3
0-1

[Event "Tournoi Skype 027B"]
[Site "Skype"]
[Date "????.??.??"]
[Round "7.41"]
[White "Porcabeuf, Jean-Marc"]
[Black "Schnell, Nicolas"]
[Result "0-1"]
[WhiteElo "1181"]
[BlackElo "1104"]
[PlyCount "58"]

1. e4 e5 2. Nf3 Nc6 3. d4 d5 4. c4 dxe4 5. Ng5 Nf6 6. d5 Bb4+ 7. Bd2 Qd6 8.
dxc6 Bc5 9. Qc2 Qd4 10. Bc3 Qd6 11. Nd2 Ng4 12. Ngxe4 Bxf2+ 13. Kd1 Ne3+ 14.
Ke2 Nxc2 15. Nxd6+ cxd6 16. Rc1 Bh4 17. Rxc2 Bg4+ 18. Kd3 O-O 19. g3 Bf5+ 20.
Ke2 Bf6 21. Rc1 Rfe8 22. Bg2 Bg4+ 23. Nf3 Bg5 24. Bd2 e4 25. Bxg5 exf3+ 26. Kf2
Re2+ 27. Kf1 fxg2+ 28. Kg1 Bf3 29. Rf1 gxh1=Q# 0-1

[Event "Tournoi Skype 027B"]
[Site "Skype"]
[Date "????.??.??"]
[Round "7.42"]
[White "Gomez Zuluaga, Jorge Adiel"]
[Black "Cengiz, Ali Ekber"]
[Result "0-1"]
[WhiteElo "1000"]
[BlackElo "1129"]
[PlyCount "96"]

1. b3 e5 2. Bb2 d6 3. e3 Be7 4. h3 Nf6 5. Nf3 Nc6 6. d4 e4 7. Nh2 d5 8. Nd2 a6
9. Be2 Be6 10. Ng4 Nd7 11. c4 b6 12. cxd5 Bxd5 13. Bc3 b5 14. O-O Bd6 15. f3 f5
16. fxe4 fxe4 17. Qe1 Qe7 18. a3 Bxb3 19. Nxb3 Nf6 20. Qh4 O-O-O 21. d5 Ne5 22.
Bxb5 axb5 23. Bb4 Nexg4 24. hxg4 Bxb4 25. axb4 h6 26. Na5 Qd6 27. Nc6 g5 28.
Qh2 Qxh2+ 29. Kxh2 Rdf8 30. Kg1 Kd7 31. Na7 Nxg4 32. Rxf8 Rxf8 33. Nxb5 Nxe3
34. Nd4 Kd6 35. Ra7 Nxd5 36. Nb5+ Kc6 37. Nd4+ Kd6 38. Ra6+ Ke5 39. Ne2 Nxb4
40. Rxh6 e3 41. g3 Rf2 42. Rg6 Rxe2 43. Rxg5+ Ke4 44. Rb5 Nd3 45. Rb1 Kf3 46.
Kf1 Rf2+ 47. Kg1 Rg2+ 48. Kf1 e2# 0-1

[Event "Tournoi Skype 027B"]
[Site "Skype"]
[Date "????.??.??"]
[Round "7.43"]
[White "Trapletti, Cosetta"]
[Black "Marty, Yvette"]
[Result "1-0"]
[WhiteElo "1050"]
[BlackElo "1000"]
[PlyCount "25"]

1. c4 e5 2. e4 d6 3. d3 c5 4. Nf3 Nc6 5. Be3 Nb4 6. a3 Na6 7. Nc3 Bg4 8. Qa4+
Qd7 9. Qb3 d5 10. Nxd5 Qc8 11. Be2 Be6 12. Qc3 Bd6 13. Nxe5 1-0

[Event "Tournoi Skype 027B"]
[Site "Skype"]
[Date "????.??.??"]
[Round "7.44"]
[White "Rodriguez Tovar, Liliana"]
[Black "Alverson, Ginny"]
[Result "1-0"]
[WhiteElo "1000"]
[BlackElo "1016"]
[PlyCount "53"]

1. e4 c5 2. Bc4 e6 3. Nf3 Nf6 4. d3 Nc6 5. Nc3 Be7 6. a3 O-O 7. h3 d5 8. Ba2 d4
9. Ne2 e5 10. O-O Be6 11. c4 dxc3 12. Bxe6 fxe6 13. bxc3 Qc7 14. Qb3 Qd7 15.
Qc4 Nh5 16. d4 exd4 17. cxd4 Nxd4 18. Rd1 Nxe2+ 19. Qxe2 Qe8 20. Bg5 h6 21. Bh4
Rf4 22. Qc4 Rxh4 23. Qxe6+ Kh8 24. Nxh4 Bg5 25. Ng6+ Kh7 26. Rd6 Qxg6 27. Qxg6+
1-0